Nữ tướng ngàn xưa

Đã lưu trong:
书目详细资料
格式: 图书
语言:Undetermined
主题:
标签: 添加标签
没有标签, 成为第一个标记此记录!
Thư viện lưu trữ: Trung tâm Học liệu Trường Đại học Cần Thơ
LEADER 00370nam a2200145Ia 4500
001 CTU_102286
008 210402s9999 xx 000 0 und d
082 |a 959.7092 
082 |b N550 
245 0 |a Nữ tướng ngàn xưa 
650 |a Vietnam 
650 |x History 
904 |i M.Loan 
915 |a 900 
980 |a Trung tâm Học liệu Trường Đại học Cần Thơ